|
|
|
|
| LEADER |
00958nam a2200265 a 4500 |
| 001 |
000487874 |
| 003 |
CZ BrMZK |
| 005 |
20100824072126.0 |
| 007 |
ta |
| 008 |
000105s1983 xo f slo d |
| 040 |
|
|
|a BOA001
|b cze
|
| 080 |
|
|
|a 803.0-82
|2 MRF
|
| 100 |
1 |
|
|a Pavlíková, Šarlota
|7 jx20031205012
|4 aut
|
| 245 |
1 |
0 |
|a Úsmevné čítanie v nemčine /
|c Šarlota Pavlíková, Gabriele Richter, Klaus-Dieter Krüger
|
| 250 |
|
|
|a 1.vyd.
|
| 260 |
|
|
|a Bratislava :
|b Slovenské pedagogické nakladateľstvo,
|c 1983
|
| 300 |
|
|
|a 110 s.
|
| 700 |
1 |
|
|a Krüger, Klaus Dieter
|4 aut
|
| 700 |
1 |
|
|a Richter, Gabriele,
|c němčina
|4 aut
|
| 910 |
|
|
|a BOA001
|b 2-0867.932
|b PK-0096.459
|
| 920 |
|
|
|a 000076717
|
| 964 |
|
|
|a Němčina - čítanky
|
| 990 |
|
|
|a BK
|
| 996 |
7 |
|
|b 2619369598
|c 2-0867.932
|l MZK
|r Sklad / do 1 hodiny
|n 0
|w 000487874
|u 000010
|a 1
|e BOA001
|j MZK50
|s A
|
| 996 |
7 |
|
|b 3119967325
|c PK-0096.459
|l MZK
|r Sklad / do 1 hodiny
|n 1
|w 000487874
|u 000020
|a 1
|e BOA001
|j MZK50
|s A
|